000 00425cam a2200169ua 4500
020 _c10.00
041 _aeng
_h
082 _a516.02
_bANJ/EL
100 _aAnjaneyalu, M S R .
245 _aElements of modern geometry /
_cM.S.R.Anjaneyalu.
_hTextual Documents
260 _aMumbai :
_bAsia Publishing House ,
_c1964.
300 _a167 ; .
365 _a10.00
504 _a
942 _cBK
999 _c3016
_d3016